[Event "Druzynowe Mistrzostwa Polski - II liga"]
[Site "Dom Wczasowy VIS Jastrzebia Gora"]
[Date "1899-12-30"]
[Round "2.138"]
[White "Anyz, Monika"]
[Black "Zalucka, Emilia"]
[Result "1/2-1/2"]
[WhiteTitle "I++"]
[BlackTitle "I++"]
[WhiteElo "1735"]
[BlackElo "1541"]

1. e4 e5 2. d4 exd4 3. Qxd4 Nc6 4. Qe3 d6 5. Nc3 g6 6. Bd2 Bh6 7. Qe2 Bg7 8. O-O-O
Nge7 9. f3 Be6 10. Kb1 Qd7 11. h4 O-O-O 12. Nh3 f5 13. Nf4 Bf7 14. g4 fxg4 15.
fxg4 Kb8 16. Bh3 Nd4 17. Qd3 Qc6 18. Ncd5 Nc8 19. Bc3 Be5 20. Bxd4 Rhe8 21. Bxe5
dxe5 22. Ne2 Nb6 23. Ne7 Bxa2+ 24. Kxa2 Qa4+ 25. Qa3 Qc4+ 26. Qb3 Qa6+ 27. Kb1
Rxd1+ 28. Rxd1 Qxe2 29. Qd3 Qxd3 30. Rxd3 c6 31. Nf5 gxf5 32. gxf5 Kc7 33. Rg3
Nc4 34. Kc1 Kd6 35. b3 Nb6 36. Rg7 Nd7 37. Rxh7 Nf6 38. Rh6 Rf8 39. Bg2 Ke7 40.
h5 Rg8 41. Rg6 Kf7 42. Bf3 a5 43. Kb2 b5 44. Rxg8 Nxg8 45. Ka3 Kf6 46. c4 bxc4
47. bxc4 Kg5 48. Ka4 Kf4 49. Bh1 Ke3 50. Kxa5 Kd4 51. Kb6 c5 52. Kb5 Nh6 53. f6
Nf7 54. Bf3 Ke3 55. Bg4 Kxe4 56. Be6 Ng5 57. Bd5+ Kd4 58. f7 Nh7 59. Kc6 e4 60.
Bxe4 Kxe4 61. Kxc5 Ke5 62. Kc6 Ke6 63. c5 Kxf7 64. Kd6 Nf6 65. c6 Ne8+ 66. Kd7
Nf6+ 67. Kc7 Ne8+ 68. Kd8 Ng7 69. h6 Ne6+ 70. Kd7 Nc5+ 71. Kd6 Na6 72. Kd7 Nb8+
1/2-1/2

[Event "Druzynowe Mistrzostwa Polski - II liga"]
[Site "Dom Wczasowy VIS Jastrzebia Gora"]
[Date "1899-12-30"]
[Round "3.1"]
[White "Stachowiak, Kamil"]
[Black "Pakleza, Zbigniew"]
[Result "1/2-1/2"]
[WhiteTitle "IM"]
[BlackTitle "GM"]
[WhiteElo "2476"]
[BlackElo "2499"]

1. c4 Nf6 2. Nf3 c6 3. d4 d5 4. Nc3 a6 5. e3 b5 6. b3 Bg4 7. Be2 e6 8. O-O Nbd7
9. h3 Bh5 10. Bb2 Bd6 11. Ne5 Bxe2 12. Nxe2 Qc7 13. cxd5 cxd5 14. Rc1 Qb8 15.
f4 Qb7 16. Ng3 O-O 17. Rf2 Rac8 18. Rfc2 Nb6 19. Nd3 Rxc2 20. Rxc2 Rc8 21. Nc5
Qa8 22. Nd3 1/2-1/2

[Event "Druzynowe Mistrzostwa Polski - II liga"]
[Site "Dom Wczasowy VIS Jastrzebia Gora"]
[Date "1899-12-30"]
[Round "3.2"]
[White "Czarnota, Pawel"]
[Black "Luberanski, Jakub"]
[Result "1/2-1/2"]
[WhiteTitle "GM"]
[BlackTitle "FM"]
[WhiteElo "2505"]
[BlackElo "2211"]

1. Nf3 d5 2. c4 c6 3. e3 Nf6 4. Nc3 Nbd7 5. d4 e6 6. Qc2 Bd6 7. Bd3 O-O 8. O-O
dxc4 9. Bxc4 b5 10. Bd3 Bb7 11. a3 Rc8 12. b4 a5 13. Rb1 axb4 14. axb4 c5 15.
bxc5 Bxf3 16. gxf3 Nxc5 17. dxc5 Rxc5 18. Rxb5 Nd5 19. f4 Rxc3 20. Qe2 Qh4 21.
Be4 Rfc8 22. Bd2 R3c5 23. Bxd5 Rxd5 24. Rxd5 exd5 25. Qf3 Rc2 26. Rd1 Ba3 27.
Be1 Rc1 28. Rxc1 Bxc1 29. Qxd5 Qg4+ 30. Kf1 Qh3+ 31. Ke2 Qg4+ 32. f3 Qc8 33. f5
Qc2+ 34. Bd2 h6 35. Qd8+ Kh7 36. Qd3 Qc7 37. Bxc1 Qxc1 38. Kf2 Qh1 39. Qd6 Qb1
40. Qd5 Qc2+ 41. Kg3 Qe2 42. e4 Qe1+ 43. Kf4 Qh4+ 44. Ke3 Qe1+ 45. Kd3 Qd1+ 46.
Ke3 Qg1+ 47. Kd3 Qd1+ 48. Ke3 1/2-1/2

[Event "Druzynowe Mistrzostwa Polski - II liga"]
[Site "Dom Wczasowy VIS Jastrzebia Gora"]
[Date "1899-12-30"]
[Round "3.3"]
[White "Madej, Marek"]
[Black "Turski, Bartlomiej"]
[Result "1/2-1/2"]
[WhiteTitle "I++"]
[BlackTitle "FM"]
[WhiteElo "2035"]
[BlackElo "2380"]

1. e4 c5 2. Nf3 Nc6 3. d4 cxd4 4. Nxd4 Nf6 5. Nc3 d6 6. Bg5 Bd7 7. f4 Rc8 8. Qd2
Nxd4 9. Qxd4 Qa5 10. O-O-O h6 11. Bxf6 gxf6 12. Kb1 Qc5 13. Qd2 f5 14. e5 Bg7
15. Be2 O-O 16. Bf3 Rfd8 17. Nd5 dxe5 18. fxe5 Ba4 19. b3 e6 20. Qc3 Rxd5 21.
Qxc5 Rdxc5 22. bxa4 Bxe5 23. Rd7 b5 24. Rhd1 Bf6 25. Rb7 bxa4 26. Bh5 R5c7 27.
Rd7 Rxc2 28. Bxf7+ Kf8 29. Rd1 R2c6 30. Re1 e5 31. g3 Be7 32. Bd5 Rc3 33. Be6
R8c6 34. Bxf5 Ba3 35. Ka1 Rb6 36. Rxb6 axb6 37. Rxe5 Rc1+ 38. Bb1 Rh1 39. Bf5
Rc1+ 40. Bb1 Rh1 1/2-1/2

[Event "Druzynowe Mistrzostwa Polski - II liga"]
[Site "Dom Wczasowy VIS Jastrzebia Gora"]
[Date "1899-12-30"]
[Round "3.4"]
[White "Kukula, Pawel"]
[Black "Topola, Rafal"]
[Result "1-0"]
[WhiteTitle "m"]
[BlackTitle "I"]
[WhiteElo "2133"]
[BlackElo "2006"]

1. e4 c6 2. d4 d5 3. e5 Bf5 4. Nd2 e6 5. Nb3 Nd7 6. Nf3 Ne7 7. Be2 Qc7 8. O-O Bg4
9. Bf4 Nf5 10. h3 Bxf3 11. Bxf3 Be7 12. Bh2 c5 13. Bxd5 c4 14. Nc1 exd5 15. e6
Qc6 16. exd7+ Qxd7 17. Re1 O-O 18. Qg4 g6 19. Ne2 Bd6 20. Bxd6 Qxd6 21. c3 Rfe8
22. Nf4 Ng7 23. Qf3 Rad8 24. Rxe8+ Nxe8 25. Re1 Nc7 26. Re5 f6 27. Re3 Kf7 28.
g3 Re8 29. Rxe8 Kxe8 30. h4 Kd7 31. h5 g5 32. Ng2 Qe6 33. Ne3 b5 34. b3 Kc6 35.
bxc4 bxc4 36. a4 Kd7 37. g4 Kd6 38. Qe2 Kc6 39. Qb2 a6 40. Qb4 Qd6 41. Qb1 Qd7
42. Qb8 Qe8 43. Qb4 Qe6 44. Qb2 Qd6 45. Qb1 Qd7 46. Qb8 Qe8 47. Qb4 1-0

[Event "Druzynowe Mistrzostwa Polski - II liga"]
[Site "Dom Wczasowy VIS Jastrzebia Gora"]
[Date "1899-12-30"]
[Round "3.5"]
[White "Majdan, Joanna"]
[Black "Smietanska, Wiktoria"]
[Result "1-0"]
[WhiteTitle "WGM"]
[BlackTitle "CM"]
[WhiteElo "2307"]
[BlackElo "1851"]

1. e4 c5 2. Nf3 g6 3. d4 cxd4 4. Nxd4 Nc6 5. c4 Nf6 6. Nc3 d6 7. Nc2 Bg7 8. Be2
O-O 9. O-O Be6 10. Be3 Nd7 11. Qd2 Nde5 12. Na3 Ng4 13. Bf4 Nd4 14. Bd1 Rc8 15.
Nd5 Nf6 16. Re1 Re8 17. Bg5 Nc6 18. Rc1 Qa5 19. Qxa5 Nxa5 20. Ba4 Nc6 21. b4 Bd7
22. Nxf6+ exf6 23. Bf4 f5 24. Rcd1 fxe4 25. Rxd6 Bf5 26. b5 Ne5 27. b6 Rf8 28.
Bc2 Nd3 29. Bxd3 exd3 30. bxa7 Bc3 31. Rd1 Bb4 32. Nb5 Bxd6 33. Bxd6 Rfe8 34.
Nc7 Re2 35. g4 Be4 36. a8=Q Rxa8 37. Nxa8 Rxa2 38. f3 Bxf3 39. Rxd3 Be2 40. Re3
Bxc4 41. Re8+ Kg7 42. g5 f6 43. h4 fxg5 44. hxg5 Ra5 45. Bf4 Rf5 46. Be3 b5 47.
Nb6 Bd3 48. Nc8 Rd5 49. Re7+ Kg8 50. Nb6 Rf5 51. Nd7 b4 52. Bd4 Rxg5+ 53. Kf2
Rf5+ 54. Ke3 Rf7 55. Re8+ 1-0

[Event "Druzynowe Mistrzostwa Polski - II liga"]
[Site "Dom Wczasowy VIS Jastrzebia Gora"]
[Date "1899-12-30"]
[Round "3.6"]
[White "Lewtak, Damian"]
[Black "Kucza, Karol"]
[Result "1-0"]
[WhiteTitle "IM"]
[BlackTitle "FM"]
[WhiteElo "2386"]
[BlackElo "2329"]

1. Nf3 d5 2. b3 Nf6 3. Bb2 Bf5 4. g3 e6 5. Bg2 h6 6. d3 Nbd7 7. Nbd2 Bc5 8. O-O
O-O 9. Qe1 Bh7 10. e4 dxe4 11. dxe4 Qe7 12. a3 e5 13. Qe2 a5 14. Ne1 c6 15. Nd3
Bb6 16. Kh1 Bg6 17. f4 exf4 18. gxf4 Rae8 19. Rae1 Nc5 20. f5 Nxd3 21. cxd3 Bh5
22. Bf3 Bxf3+ 23. Rxf3 Qd8 24. Rg3 Kh7 25. Nf3 g6 26. Qd2 Nh5 27. Rh3 Bc7 28.
Rg1 Nf4 29. Rh4 h5 30. Rxf4 Bxf4 31. Qxf4 Qxd3 32. fxg6+ fxg6 33. Qc7+ Kg8 34.
Qg7# 1-0

[Event "Druzynowe Mistrzostwa Polski - II liga"]
[Site "Dom Wczasowy VIS Jastrzebia Gora"]
[Date "1899-12-30"]
[Round "3.7"]
[White "Maciejczak, Jakub"]
[Black "Kumala, Aleksander"]
[Result "1-0"]
[WhiteTitle "FM"]
[BlackTitle "CM"]
[WhiteElo "2374"]
[BlackElo "2175"]

1. Nf3 Nf6 2. c4 c5 3. Nc3 Nc6 4. g3 g6 5. Bg2 Bg7 6. O-O O-O 7. a3 a6 8. Rb1 Rb8
9. b4 cxb4 10. axb4 b5 11. cxb5 axb5 12. d4 d5 13. Ne5 Nxe5 14. dxe5 Ng4 15. Nxd5
Nxe5 16. Bg5 f6 17. Be3 e6 18. Nf4 Bd7 19. Bc5 Re8 20. Ra1 Bc6 21. Ra7 Bxg2 22.
Kxg2 Qc8 23. Qa1 Ra8 24. Rd1 Bf8 25. Bxf8 Qc6+ 26. f3 Rxf8 27. Rxa8 Rxa8 28. Qd4
g5 29. Nh5 Kf7 30. g4 Ra2 31. Kh3 Ra3 32. Kg2 Ra2 33. Kh3 Ra3 34. Kg2 Qc4 35.
Kf2 Ra2 36. Qe3 Qxb4 37. Qb6 Qe7 38. Qxb5 Qa7+ 39. Kg3 Rd2 40. Qb1 Nd3 41. Rxd2
Qf2+ 42. Kh3 Qh4+ 43. Kg2 Qf2+ 44. Kh1 1-0

[Event "Druzynowe Mistrzostwa Polski - II liga"]
[Site "Dom Wczasowy VIS Jastrzebia Gora"]
[Date "1899-12-30"]
[Round "3.8"]
[White "Cajbel, Maciej"]
[Black "Malovanyi, Yulian"]
[Result "0-1"]
[WhiteTitle "k"]
[BlackTitle "FM"]
[WhiteElo "2196"]
[BlackElo "2310"]

1. c4 g6 2. g3 Bg7 3. Bg2 d6 4. Nc3 Nf6 5. b3 O-O 6. Bb2 e5 7. d3 c6 8. Nf3 d5
9. O-O Re8 10. cxd5 cxd5 11. e4 d4 12. Na4 Nc6 13. Qd2 Qd6 14. Rac1 b6 15. Ba3
Qxa3 16. Rxc6 Bd7 17. Rc7 Qd6 18. Rc2 Bf8 19. Nb2 b5 20. Rfc1 h6 21. Qa5 Qa3 22.
Qxa3 Bxa3 23. Nd2 Rec8 24. Rxc8+ Bxc8 25. Rc2 Be6 26. Nd1 Bb4 27. f4 Bxd2 28.
Rxd2 Rc8 29. fxe5 Nd7 30. Kf2 Nxe5 31. h3 Rc1 32. Ke2 Kf8 33. Kf2 Ke7 34. g4 Kd6
35. Kg3 g5 36. Nf2 Kc5 37. h4 Kb4 38. hxg5 hxg5 39. Bf3 Rg1+ 40. Bg2 Rc1 41. Bf3
Kc3 42. Re2 Nxd3 43. Nh3 Ne5 44. Nxg5 d3 0-1

[Event "Druzynowe Mistrzostwa Polski - II liga"]
[Site "Dom Wczasowy VIS Jastrzebia Gora"]
[Date "1899-12-30"]
[Round "3.9"]
[White "Dudzinski, Pawel"]
[Black "Kanarkiewicz, Michal"]
[Result "1/2-1/2"]
[WhiteTitle "FM"]
[BlackTitle "k"]
[WhiteElo "2198"]
[BlackElo "2084"]

1. e4 c5 2. c4 Nc6 3. Nc3 g6 4. g3 Bg7 5. Bg2 d6 6. Nge2 e5 7. O-O Nge7 8. d3 O-O
9. f4 f5 10. Rb1 Be6 11. fxe5 dxe5 12. Nd5 Qd7 13. Be3 Nd4 14. Nxe7+ Qxe7 15.
Nc3 Rf7 16. Bxd4 cxd4 17. exf5 gxf5 18. Nd5 Qg5 19. Qe2 Re8 20. Kh1 f4 21. Qd2
Ref8 22. gxf4 exf4 23. Be4 Kh8 24. Rf2 Bh6 25. Bf3 Bh3 1/2-1/2

[Event "Druzynowe Mistrzostwa Polski - II liga"]
[Site "Dom Wczasowy VIS Jastrzebia Gora"]
[Date "1899-12-30"]
[Round "3.10"]
[White "Zurkowski, Andrzej"]
[Black "Szyszylo, Rafal"]
[Result "1/2-1/2"]
[WhiteTitle "k+"]
[BlackTitle "k"]
[WhiteElo "2021"]
[BlackElo "2090"]

1. d4 g6 2. Nf3 Bg7 3. g3 d6 4. Bg2 Nf6 5. O-O O-O 6. c4 Nc6 7. Nc3 a6 8. d5 Na5
9. Qd3 c5 10. e4 e5 11. Rb1 b5 12. cxb5 c4 13. Qe2 axb5 14. a3 Rb8 15. Bd2 Bd7
16. Na2 Nb3 17. Bc3 Ne8 18. Nc1 Nd4 19. Qd2 Nxf3+ 20. Bxf3 f5 21. Bg2 fxe4 22.
Bxe4 Nf6 23. Bg2 Bf5 24. Ra1 Ne4 25. Qe3 Nxc3 26. Qxc3 e4 27. Qd2 Qf6 28. Ra2
Rfe8 29. Qe2 h5 30. a4 Qd4 31. Rd1 Qc5 32. h3 e3 33. f3 Bc2 34. Re1 Bxa4 35. Kh2
Qxd5 36. f4 Qf5 37. Rxa4 bxa4 38. Qxc4+ Kh8 39. Qxa4 Re7 40. b3 Bc3 41. Re2 Qb5
42. Qa3 Qb4 43. Qa6 Bd2 44. Nd3 Qb6 45. Qc4 Qxb3 46. Qd4+ Rg7 47. Qxd6 Qb6 48.
Qe5 Qb5 49. Qd6 Rb6 50. Qd8+ Kh7 51. Ne5 Qxe2 52. Qxb6 Bc3 53. Nf3 Qd3 54. Ng5+
Kh8 55. f5 e2 56. Qb8+ Rg8 57. Qc7 Qxg3+ 58. Qxg3 e1=Q 59. Nf7+ Kg7 60. Qxg6+
Kf8 61. Qd6+ Qe7 62. Qb8+ Kg7 63. Qg3+ Kh7 64. Qxc3 Qxf7 65. f6 Qg6 66. Qc6 Qg3+
67. Kh1 Rd8 68. Qc2+ Kh6 69. f7 Kg7 70. Qb2+ Kxf7 71. Qb7+ Kf8 72. Qb4+ Rd6 73.
Qb8+ Ke7 74. Qb7+ Kf6 75. Qb2+ Qe5 76. Qf2+ Kg7 77. Qf3 Rb6 78. Qd3 Rd6 79. Qf3
Rf6 80. Qb7+ Kh6 81. Qc8 Kg5 82. Qc4 Rf4 83. Qd3 Kh4 84. Qd8+ Qf6 85. Qd3 Rd4
86. Qe2 Qf4 87. Qe7+ Kg3 88. Qe1+ Qf2 89. Qe5+ Rf4 90. Qg5+ Rg4 91. Qe5+ Rf4 92.
Qg5+ Rg4 93. Qe5+ Rf4 94. Qg5+ Rg4 95. Qe5+ 1/2-1/2

[Event "Druzynowe Mistrzostwa Polski - II liga"]
[Site "Dom Wczasowy VIS Jastrzebia Gora"]
[Date "1899-12-30"]
[Round "3.11"]
[White "Czerwinska, Milena"]
[Black "Kasperek, Joanna"]
[Result "1/2-1/2"]
[WhiteTitle "WFM"]
[BlackTitle "k++"]
[WhiteElo "1972"]
[BlackElo "2031"]

1. e4 c5 2. Nf3 e6 3. c3 Nf6 4. e5 Nd5 5. Bc4 Nc6 6. O-O d6 7. d4 Be7 8. Nbd2 cxd4
9. cxd4 dxe5 10. dxe5 Qc7 11. Qe2 O-O 12. Qe4 Rd8 13. Nb3 a6 14. Bd3 g6 15. Bh6
Ndb4 16. Bb1 b5 17. a3 Nd5 18. Bd3 Bb7 19. Rac1 Qb6 20. Qe2 Na5 21. Nxa5 Qxa5
22. Be4 Rac8 23. Rxc8 Rxc8 24. Rc1 Rxc1+ 25. Bxc1 Qa4 26. Bc2 Qg4 27. Qe4 Qxe4
28. Bxe4 f5 29. exf6 Bxf6 30. Ng5 Bc8 31. Kf1 Kg7 32. Ke2 h6 33. Nf3 g5 34. g3
Nb6 35. b3 Nd5 36. Kd3 Nc3 37. Bc6 g4 38. Nd2 Na2 39. Kc2 Nxc1 40. Kxc1 Bd4 41.
Ne4 e5 42. a4 bxa4 43. bxa4 a5 44. Kd2 Be6 45. Ke2 Kf8 46. Nd2 Ke7 47. f3 h5 48.
fxg4 hxg4 49. Kd3 Bg1 50. Nf1 Kd6 51. Bb5 Bd5 52. Ne3 Bxe3 53. Kxe3 Kc5 54. Bd7
Bc6 55. Bxg4 Bxa4 56. h4 Bc2 57. h5 a4 58. Kd2 Bb1 59. Kc3 Kd6 60. h6 a3 61. Kb3
a2 62. Kb2 Ke7 63. h7 Bxh7 64. Kxa2 Kf6 65. Kb2 Kg5 66. Bf3 Bg6 67. Kc3 Bh5 68.
Bxh5 Kxh5 69. Kd3 Kg4 70. Ke4 1/2-1/2

[Event "Druzynowe Mistrzostwa Polski - II liga"]
[Site "Dom Wczasowy VIS Jastrzebia Gora"]
[Date "1899-12-30"]
[Round "3.12"]
[White "Fiedorek, Michal"]
[Black "Janeczko, Jakub"]
[Result "1-0"]
[WhiteTitle "FM"]
[BlackTitle "I++"]
[WhiteElo "2257"]
[BlackElo "2159"]

1. e4 c5 2. Nf3 e6 3. d4 cxd4 4. Nxd4 Nf6 5. Nc3 Nc6 6. Nxc6 bxc6 7. e5 Nd5 8.
Ne4 Qc7 9. f4 Qb6 10. a3 Ba6 11. Qf3 Be7 12. c4 f5 13. Nf2 Nc7 14. Be2 c5 15.
O-O O-O 16. Rd1 Rfd8 17. Rb1 d5 18. exd6 Rxd6 19. Rxd6 Bxd6 20. Bd2 Rd8 21. Qe3
g5 22. fxg5 e5 23. Bc3 Re8 24. Rd1 Ne6 25. Bh5 Re7 26. Qd3 Nd4 27. Bxd4 e4 28.
Qh3 cxd4 29. Qxf5 d3 30. Kh1 Qc5 31. Qf6 Be5 32. Nxe4 Bxf6 33. Nxc5 d2 34. h4
Re1+ 35. Kh2 Be5+ 36. g3 Rxd1 37. Bxd1 Bxc4 38. Ne4 Bxb2 39. Nxd2 Bd5 40. a4 Bc3
41. Nf1 Bd4 42. Kh3 a5 43. Kg4 Bg2 44. Nd2 Bc3 45. Nc4 Bd5 46. Ne3 Bc6 47. Bb3+
Kg7 48. Nf5+ Kh8 49. Kf4 Bd2+ 50. Ke5 Bc3+ 51. Ke6 Be4 52. Nd6 Bf3 53. Kf5 Be1
54. Kf4 Bc6 55. Nf7+ Kg7 56. Ne5 Be8 57. Bd1 Bd2+ 58. Kf5 Be1 59. Kg4 Bc3 60.
Kf4 Bd2+ 61. Kf3 Bc3 62. Nd3 Bc6+ 63. Ke3 Kh8 64. h5 Kg7 65. g4 Bd7 66. Nc5 Bc8
67. Ne4 Bb2 68. Nd6 Bd7 69. Nc4 Bc1+ 70. Kd4 Bxg5 71. Nxa5 Bf6+ 72. Kd5 Kh6 73.
Nc6 Bc3 74. Ne5 Bc8 75. Nf7+ Kg7 76. Nd6 Bd7 77. Ne4 Be1 78. Nc5 Bc8 79. Kc6 Ba5
80. Kb5 Bc7 81. a5 Kf6 82. a6 Bb8 83. Kb6 Kg5 84. Ne4+ Kf4 85. Nf6 h6 86. Nd5+
Kg5 87. Ne7 Be6 88. Bf3 Bf4 89. Kc6 Be3 90. Nd5 Bd4 91. Nb6 Kf4 92. Bd5 1-0

[Event "Druzynowe Mistrzostwa Polski - II liga"]
[Site "Dom Wczasowy VIS Jastrzebia Gora"]
[Date "1899-12-30"]
[Round "3.13"]
[White "Dalkowski, Rafal"]
[Black "Karpus, Michal"]
[Result "0-1"]
[WhiteTitle "k"]
[BlackTitle "FM"]
[WhiteElo "2033"]
[BlackElo "2207"]

1. Nf3 Nf6 2. c4 e6 3. e3 d5 4. b3 c5 5. Bb2 Nc6 6. cxd5 exd5 7. Bb5 Bd6 8. O-O
O-O 9. d4 cxd4 10. Nxd4 Ne5 11. Nd2 Qa5 12. h3 a6 13. Be2 Bd7 14. N4f3 Rfe8 15.
Nc4 Nxc4 16. bxc4 Ba4 17. Qd4 Re4 18. Qd3 Rxc4 19. Nd2 Rc2 20. Nb3 Qc7 21. Rac1
Rxc1 22. Rxc1 Qe7 23. Bf3 Be5 24. Nd4 Rd8 25. Nf5 Qe6 26. Ba3 Bb5 27. Qb1 Ne4
28. Bg4 Qe8 29. Ne7+ Kh8 30. Nxd5 Rxd5 31. Rc8 Qxc8 32. Qxe4 Qc4 0-1

[Event "Druzynowe Mistrzostwa Polski - II liga"]
[Site "Dom Wczasowy VIS Jastrzebia Gora"]
[Date "1899-12-30"]
[Round "3.14"]
[White "Pacuszka, Tomasz"]
[Black "Zdybel, Przemyslaw"]
[Result "1/2-1/2"]
[WhiteTitle "FM"]
[BlackTitle "I++"]
[WhiteElo "2195"]
[BlackElo "2002"]

1. e4 c5 2. Nf3 d6 3. Bb5+ Bd7 4. Bxd7+ Qxd7 5. O-O Nc6 6. d4 cxd4 7. Nxd4 g6 8.
Be3 Bg7 9. c4 Nf6 10. f3 O-O 11. Nc3 Rfd8 12. Rc1 e6 13. Nxc6 bxc6 14. Qe2 d5
15. e5 Ne8 16. cxd5 cxd5 17. Bd4 Rdc8 18. Qe3 h5 19. g4 Kh7 20. gxh5 Bh6 21. hxg6+
fxg6 22. f4 Ng7 23. Ne2 Nf5 24. Qd3 Rf8 25. Bf2 Rf7 26. b3 Rg8 27. Bg3 g5 28.
Kh1 d4 29. Qe4 d3 30. Rfd1 gxf4 31. Nxf4 Bxf4 32. Bxf4 Rd8 33. Rc3 Qd4 34. Qxd4
Rxd4 35. Bd2 Rg7 36. Rg1 Rgd7 37. Rc6 Re4 38. Rxe6 Re2 39. Rf6 Rg7 40. Rxg7+ Nxg7
41. Bb4 a5 42. Bxa5 Rxa2 43. Bb4 1/2-1/2

[Event "Druzynowe Mistrzostwa Polski - II liga"]
[Site "Dom Wczasowy VIS Jastrzebia Gora"]
[Date "1899-12-30"]
[Round "3.15"]
[White "Pancewicz, Szymon"]
[Black "Krainski, Aleksander"]
[Result "1-0"]
[WhiteTitle "I+"]
[BlackTitle "FM"]
[WhiteElo "1850"]
[BlackElo "2062"]

1. d4 d5 2. c4 e6 3. Nc3 a6 4. cxd5 exd5 5. Nf3 Nf6 6. Bg5 Be6 7. e3 Nbd7 8. Bd3
Bd6 9. O-O c6 10. Bh4 Qc7 11. Bg3 h6 12. Qc2 O-O 13. Na4 Bxg3 14. hxg3 Bg4 15.
Nc5 Nxc5 16. Qxc5 Bxf3 17. gxf3 Rfe8 18. Kg2 Nd7 19. Qc2 c5 20. dxc5 Qxc5 21.
Rac1 Qb4 22. a3 Qe7 23. Rfd1 Nf6 24. Qc7 b5 25. Qxe7 Rxe7 26. Rc6 Kf8 27. Rdc1
Rd7 28. Bf5 Rda7 29. Kf1 Ke7 30. Ke2 g6 31. Bd3 h5 32. Kd2 Rd8 33. Kc3 Rd6 34.
Kd4 Kd7 35. Rc8 Ne8 36. Bf1 Nc7 37. Bh3+ Ne6+ 38. Kd3 Ke7 39. Bxe6 Kxe6 40. Kd4
Kd7 41. Ke5 Re6+ 42. Kxd5 Rd6+ 43. Ke5 Re6+ 44. Kf4 Rf6+ 45. Ke4 Re6+ 46. Kd3
Rb7 47. b4 a5 48. R8c5 axb4 49. axb4 Ra6 50. Rd5+ Ke6 51. Rcc5 Ra3+ 52. Ke2 Rb3
53. Rxb5 Rxb4 54. Rxb4 Rxb4 55. Ra5 Rb1 56. f4 Rb4 57. Kf3 Rc4 58. Ra6+ Ke7 59.
g4 hxg4+ 60. Kxg4 Rc1 61. f5 gxf5+ 62. Kxf5 Rc5+ 63. Kf4 Kf8 64. e4 Rh5 65. f3
Ke7 66. e5 Rh1 67. Kf5 Rh5+ 68. Ke4 Rh2 69. f4 Re2+ 70. Kf5 Rb2 71. Ra7+ Kf8 72.
Kf6 Rb6+ 73. Kg5 Rg6+ 74. Kh5 Rg1 75. f5 Re1 76. Kg5 Rxe5 77. Kf6 Re8 78. Rxf7+
Kg8 79. Re7 Ra8 80. Kg6 Kf8 81. Rh7 Kg8 82. f6 Ra6 83. Rg7+ Kf8 84. Rb7 1-0

[Event "Druzynowe Mistrzostwa Polski - II liga"]
[Site "Dom Wczasowy VIS Jastrzebia Gora"]
[Date "1899-12-30"]
[Round "3.16"]
[White "Krainski, Slawomir"]
[Black "Suska, Szymon"]
[Result "1-0"]
[WhiteTitle "k"]
[BlackTitle "I"]
[WhiteElo "1982"]
[BlackElo "1777"]

1. e4 c5 2. Nf3 Nc6 3. Bb5 a6 4. Bxc6 dxc6 5. h3 Qc7 6. e5 g6 7. O-O Bg7 8. Re1
Nh6 9. d3 Nf5 10. Bf4 Nd4 11. Nbd2 Be6 12. Nb3 Bxb3 13. axb3 Ne6 14. Bd2 O-O 15.
Ra4 Rfd8 16. Rh4 Nd4 17. Nxd4 Rxd4 18. Rxd4 cxd4 19. e6 fxe6 20. Rxe6 Qd7 21.
Qe2 Kf7 22. Re4 e5 23. Bg5 Kg8 24. Bh4 Rf8 25. Bg3 Rf5 26. Bxe5 Rxe5 27. Rxe5
Bxe5 28. Qxe5 b5 29. f4 a5 30. Kf2 Kf7 31. Kf3 a4 32. bxa4 bxa4 33. Ke4 h6 34.
Qxd4 Qe7+ 35. Kf3 Qe1 36. Qd7+ Kf8 37. Qxc6 Qf1+ 38. Kg3 Qe1+ 39. Kh2 Qf2 40.
Qxa4 h5 41. Qe4 h4 42. d4 g5 43. fxg5 Qg3+ 44. Kg1 Qxg5 45. Qf3+ Ke8 46. Kf2 Kd8
47. Qe4 Qd2+ 48. Kf3 Qd1+ 49. Kf4 Qf1+ 50. Ke5 Kc7 51. b3 Qb5+ 52. d5 Qe8+ 53.
Kd4 Qf7 54. Qxh4 Kb8 55. d6 Qg7+ 56. Kc5 Qe5+ 57. Kc6 Qe8+ 58. Kb6 Qe3+ 59. Kc6
Qe8+ 60. Kd5 Qb5+ 61. Ke6 Qe8+ 62. Qe7 Qg6+ 63. Ke5 Qg3+ 64. Kd4 Qf2+ 65. Kc3
Qc5+ 66. Kb2 Qd4+ 67. Ka2 Ka8 68. Qd8+ Kb7 69. Qc7+ Ka8 70. Qc8+ Ka7 71. d7 Qd6
72. d8=R 1-0

[Event "Druzynowe Mistrzostwa Polski - II liga"]
[Site "Dom Wczasowy VIS Jastrzebia Gora"]
[Date "1899-12-30"]
[Round "3.17"]
[White "Rejniak, Zuzanna"]
[Black "Goraj, Barbara"]
[Result "0-1"]
[WhiteTitle "k"]
[BlackTitle "WCM"]
[WhiteElo "1834"]
[BlackElo "2121"]

1. e4 c5 2. c3 Nf6 3. e5 Nd5 4. Nf3 Nc6 5. d4 cxd4 6. cxd4 d6 7. Bc4 e6 8. O-O
Be7 9. Qe2 O-O 10. Nc3 Nxc3 11. bxc3 dxe5 12. dxe5 Qc7 13. Bd3 b6 14. Re1 Bb7
15. Qe4 g6 16. Qf4 Rfd8 17. Be4 Bf8 18. Qg3 Ne7 19. Ng5 Nd5 20. c4 Nb4 21. Qh3
h6 22. Bxg6 fxg6 23. Qxe6+ Kh8 24. Nf7+ Kh7 25. Nxd8 Rxd8 26. Ba3 Bc8 27. Qf6
Bg7 28. Qxd8 Qxd8 29. Bxb4 Qd4 30. Rac1 Be6 31. Bd6 Bxc4 32. e6 Qxd6 33. Rxc4
Bf6 34. Rec1 Bd8 35. Rc6 Qd5 36. e7 Bxe7 37. Rc7 Qe4 38. Rxa7 h5 39. g3 Kh6 40.
h4 Bc5 41. Rf7 Qd5 42. Rf4 Qxa2 43. Rd1 Qb3 44. Rfd4 Bxd4 45. Rxd4 Qc3 46. Rd7
Qf3 47. Rd6 b5 48. Rb6 Qd5 49. Kh2 Qd4 0-1

[Event "Druzynowe Mistrzostwa Polski - II liga"]
[Site "Dom Wczasowy VIS Jastrzebia Gora"]
[Date "1899-12-30"]
[Round "3.18"]
[White "Lubczynski, Rafal"]
[Black "Jaskolka, Tomasz"]
[Result "1-0"]
[WhiteTitle "IM"]
[BlackTitle "CM"]
[WhiteElo "2413"]
[BlackElo "2213"]

1. Nf3 d5 2. c4 c6 3. b3 Nf6 4. Bb2 Bf5 5. g3 e6 6. Bg2 Nbd7 7. O-O Be7 8. d3 h6
9. Nbd2 O-O 10. Rc1 Qa5 11. a3 Rfc8 12. b4 Qd8 13. Nb3 Bh7 14. Re1 b5 15. Na5
Qb6 16. cxb5 cxb5 17. Nd4 Ng4 18. h3 Bf6 19. Nab3 Nge5 20. Qd2 a6 21. Rc2 Nc4
22. dxc4 bxc4 23. Na1 a5 24. bxa5 Rxa5 25. Bc3 Ra6 26. Rb2 Bxd4 27. Qxd4 Qxd4
28. Bxd4 e5 29. Rb7 exd4 30. Rxd7 Rca8 31. Bxd5 Rxa3 1-0

[Event "Druzynowe Mistrzostwa Polski - II liga"]
[Site "Dom Wczasowy VIS Jastrzebia Gora"]
[Date "1899-12-30"]
[Round "3.19"]
[White "Pulik, Krzysztof"]
[Black "Orzech, Dominik"]
[Result "1/2-1/2"]
[WhiteTitle "k"]
[BlackTitle "IM"]
[WhiteElo "2046"]
[BlackElo "2325"]

1. e4 c6 2. d4 d5 3. exd5 cxd5 4. c4 Nf6 5. Nc3 g6 6. Qb3 Bg7 7. cxd5 O-O 8. Be2
Nbd7 9. Bf3 Nb6 10. Nge2 Bf5 11. a4 a5 12. Bf4 Bd3 13. d6 exd6 14. O-O Re8 15.
Rfe1 d5 16. Be5 Bc4 17. Qd1 Nbd7 18. b3 Ba6 19. Nf4 Nxe5 20. dxe5 Nd7 21. Ncxd5
Nxe5 22. Rc1 Qg5 23. Be2 Bxe2 24. Qxe2 Rad8 25. Rcd1 Kf8 26. Qe3 h6 27. Qc5+ Kg8
28. Kh1 Nc6 29. Rxe8+ Rxe8 30. Qc4 Kh7 31. Ne3 Ne5 32. Qb5 Ng4 33. Qxg5 Nxf2+
34. Kg1 hxg5 35. Kxf2 gxf4 36. Nc4 g5 37. Rd7 Kg6 38. Nxa5 Re4 39. Nc4 Bd4+ 40.
Kf1 Bc5 41. Rxb7 g4 42. Rb5 Bd4 43. Rd5 Bc3 1/2-1/2

[Event "Druzynowe Mistrzostwa Polski - II liga"]
[Site "Dom Wczasowy VIS Jastrzebia Gora"]
[Date "1899-12-30"]
[Round "3.20"]
[White "Kuegel, Tobias"]
[Black "Wozniak, Maciej"]
[Result "1-0"]
[WhiteTitle "FM"]
[BlackTitle "k"]
[WhiteElo "2297"]
[BlackElo "2022"]

1. e4 e5 2. Nf3 Nc6 3. Bb5 a6 4. Bxc6 dxc6 5. O-O Be7 6. Nxe5 Qd4 7. Qh5 Be6 8.
d3 Nf6 9. Nf3 Qxf2+ 10. Rxf2 Nxh5 11. Be3 O-O 12. Nd4 Bc5 13. Nd2 f5 14. exf5
Bxd4 15. Bxd4 Rxf5 16. Rxf5 Bxf5 17. Rf1 g6 18. Re1 Rf8 19. Re7 Rf7 20. Re8+ Rf8
21. Re7 Rf7 22. Re8+ Rf8 23. Rxf8+ Kxf8 24. Be5 Ke7 25. Bxc7 Nf6 26. Bf4 Nd5 27.
Bg5+ Ke6 28. a3 Nb6 29. Nb3 Na4 30. Nd4+ Kd5 31. Nxf5 gxf5 32. Bf6 Nc5 33. Kf2
Ne6 34. Ke3 c5 35. c4+ Kc6 36. Be5 b5 37. b3 bxc4 38. dxc4 a5 39. h3 h5 40. Bc3
Kb6 41. Kf3 Ka6 42. Kg3 Kb6 43. Kh4 Nf4 44. g3 Ne2 45. Be1 f4 46. gxf4 Nxf4 47.
Bd2 Nd3 48. a4 Nf2 49. Kxh5 Ne4 50. Be1 Nf6+ 51. Kg6 Nd7 52. Bc3 Nf8+ 53. Kf5
1-0

[Event "Druzynowe Mistrzostwa Polski - II liga"]
[Site "Dom Wczasowy VIS Jastrzebia Gora"]
[Date "1899-12-30"]
[Round "3.21"]
[White "Wozny, Tomasz"]
[Black "Dubinski, Mateusz"]
[Result "0-1"]
[WhiteTitle "I"]
[BlackTitle "FM"]
[WhiteElo "1761"]
[BlackElo "2250"]

1. d4 d5 2. c4 c6 3. Nc3 Nf6 4. cxd5 cxd5 5. Nf3 Nc6 6. e3 a6 7. Bd3 Bg4 8. h3
Bh5 9. g4 Bg6 10. Bxg6 hxg6 11. Ne5 e6 12. Qa4 Rc8 13. Bd2 Bd6 14. Ke2 Bxe5 15.
dxe5 Nd7 16. f4 g5 17. Raf1 gxf4 18. exf4 Nc5 19. Qa3 Qb6 20. Kf3 Nd4+ 21. Kg2
Nc2 22. Na4 Qb5 23. Qc3 Qxa4 24. b4 d4 25. Qf3 Nxb4 26. Rb1 Qxa2 27. Rbd1 Nc2
0-1